[Event "World School-ch U13 Girls"]
[Site "Sochi"]
[Date "2016.12.05"]
[Round "3"]
[White "Aysultanova, Dilnaz"]
[Black "Weerakoon, Devuja S"]
[Result "1/2-1/2"]
[WhiteElo "1153"]
[BlackElo "1184"]
[PlyCount "113"]
[EventDate "2016.12.03"]
[EventType "swiss"]
[EventRounds "9"]
[EventCountry "RUS"]
[SourceTitle "EXT 2018"]
[Source "ChessBase"]
[SourceDate "2017.10.13"]
[SourceVersion "1"]
[SourceVersionDate "2017.10.13"]
[SourceQuality "1"]

1. e4 e6 2. Nc3 d5 3. exd5 exd5 4. d4 Nf6 5. Bf4 a6 6. a3 Be7 7. h3 Nbd7 8. Nf3 b5 9. Bd3 c5 10. dxc5 Nxc5 11. b4 Nxd3+ 12. cxd3 Bb7 13. d4 0-0 14. 0-0 Rc8 15. Rc1 a5 16. Qd3 axb4 17. axb4 Rc4 18. Nxb5 Rxc1 19. Rxc1 Ba6 20. Rc6 Qa8 21. Rc7 Qe8 22. Qe3 Ne4 23. Nc3 Bd8 24. Ra7 Bc4 25. Nxe4 Qxe4 26. Rb7 Qb1+ 27. Kh2 Qa2 28. Ne5 Qa6 29. Rb8 Bb5 30. Qg3 Be7 31. Rxf8+ Bxf8 32. h4 Bxb4 33. Ng4 Qg6 34. Qb3 Qxg4 35. Qxb4 Qxf4+ 36. Kg1 Qb8 37. Qc5 Qb7 38. Qd6 Qd7 39. Qb8+ Qe8 40. Qd6 h6 41. Qxd5 Bc6 42. Qd6 Qd7 43. Qb8+ Kh7 44. Qb1+ Kg8 45. Qb8+ Qe8 46. Qd6 Qe4 47. Qd8+ Kh7 48. f3 Qg6 49. d5 Bb5 50. d6 Qb1+ 51. Kh2 Bf1 52. Qd7 Qb2 53. Qf5+ Kg8 54. Qc8+ Kh7 55. Qf5+ Kg8 56. Qc8+ Kh7 57. Qf5+ 1/2-1/2

[Event "World School-ch U13 Girls"]
[Site "Sochi"]
[Date "2016.12.03"]
[Round "1"]
[White "Aysultanova, Dilnaz"]
[Black "Kozyreva, Marina"]
[Result "0-1"]
[WhiteElo "1153"]
[BlackElo "1643"]
[PlyCount "102"]
[EventDate "2016.12.03"]
[EventType "swiss"]
[EventRounds "9"]
[EventCountry "RUS"]
[SourceTitle "EXT 2018"]
[Source "ChessBase"]
[SourceDate "2017.10.13"]
[SourceVersion "1"]
[SourceVersionDate "2017.10.13"]
[SourceQuality "1"]

1. e4 c6 2. Nc3 d5 3. d4 dxe4 4. Nxe4 Nf6 5. Nxf6+ gxf6 6. Bf4 Bf5 7. Nf3 e6 8. a3 Bd6 9. Bxd6 Qxd6 10. c3 Nd7 11. h3 0-0-0 12. Bd3 Bg6 13. Nh4 e5 14. Nxg6 hxg6 15. Bc4 exd4 16. Qxd4 Rhe8+ 17. Be2 Nc5 18. Qxd6 Rxd6 19. Rd1 Rde6 20. Rd2 Nb3 21. Rc2 Nc1 22. Rxc1 Rxe2+ 23. Kf1 Rxb2 24. g4 Ra2 25. Kg2 Ree2 26. Rhf1 Rxa3 27. Rfe1 Raa2 28. Rxe2 Rxe2 29. Kf3 Re7 30. Ra1 b5 31. Ra6 Kb7 32. Ra2 Kb6 33. Rb2 a5 34. c4 a4 35. cxb5 cxb5 36. h4 a3 37. Ra2 b4 38. h5 gxh5 39. gxh5 Re5 40. h6 Rh5 41. Ke3 Kb5 42. Kd3 Rxh6 43. f3 Rh5 44. Kc2 Ka4 45. Kd3 b3 46. Re2 Rb5 47. Kc3 Rb4 48. Re4 Rxe4 49. fxe4 b2 50. Kc2 Kb4 51. e5 fxe5 0-1